=LDR 00000nam 2200000 4500 =001 INLIS000000000051486 =005 20240620103144 =035 ##$$a 0010-0917000290 =007 ta =008 240620################g##########0#ind## =020 ##$$a 978-602-7996-06-9 =082 ##$$a R 909 =084 ##$$a R 909 HOE b =100 #$$a Hoeda Manis =245 1#$$a Buka pintar sejarah dan pengetahuan dunia abad 20 : $b Sejarah, peradaban, peristiwa-peristiwa besar, tokoh-tokoh terkenal, dan penemuan-penemuan penting yang mengubah wajah dunia /$c Hoeda Manis =260 ##$$a Yogyakarta :$b Trans Idea Publishing,$c 2013 =300 ##$$a 672 hlm. : $b ilus. ; $c 26 x 19 cm. =650 #4$$a Sejarah Dunia =250 ##$$a Cet. 1 =500 ##$$a Biografi ; hlm. 672 =504 ##$$a Bibliografi ; hlm. 667-671 =990 ##$$a 21702325 =990 ##$$a 21702324 =990 ##$$a 21702323 =990 ##$$a 21702322 =990 ##$$a 21702321 =990 ##$$a 21702321 =990 ##$$a 21702325 =990 ##$$a 21702324 =990 ##$$a 21702323 =990 ##$$a 21702322 =990 ##$$a 21702322 =990 ##$$a 21702325 =990 ##$$a 21702324 =990 ##$$a 21702323 =990 ##$$a 21702321 =990 ##$$a 21702325 =990 ##$$a 21702324 =990 ##$$a 21702323 =990 ##$$a 21702322 =990 ##$$a 21702321 =990 ##$$a 21702324 =990 ##$$a 21702325 =990 ##$$a 21702323 =990 ##$$a 21702322 =990 ##$$a 21702321 =990 ##$$a 21702323 =990 ##$$a 21702325 =990 ##$$a 21702324 =990 ##$$a 21702322 =990 ##$$a 21702321